Normal view
MARC view
- Islahi, Mulana Muhammad Yousaf
Entry Personal Name
001 - CONTROL NUMBER
- control field: 47965
003 - CONTROL NUMBER IDENTIFIER
- control field: NUST
005 - DATE AND TIME OF LATEST TRANSACTION
- control field: 20210314133936.0
008 - FIXED-LENGTH DATA ELEMENTS
- fixed length control field: 210314|| aca||aabn | a|a d
040 ## - CATALOGING SOURCE
- Original cataloging agency: NUST
- Transcribing agency: NUST
100 ## - HEADING--PERSONAL NAME
- Personal name: Islahi, Mulana Muhammad Yousaf
670 ## - SOURCE DATA FOUND
- Source citation: Work cat.: (NUST): Islahi, Mulana Muhammad Yousaf, آسان فقہ, 1984.
